000 00305nam a22001337a 4500
020 _a0-7214-0873-7
082 _a823
_bDIS/W
100 _aDISNEY, WALT
245 _aTHE MOST GRAND ADVENTURE
_bWINNIE THE POOH
260 _aLONDON
_bLADY BIRD
300 _a43
650 _aENGLISH SHORT STORY
942 _cBK
999 _c3659
_d3659